00365nam a2200133Ia 4500008004100000020001800041041001200059082001100071100001500082245006300097260004800160300000800208650001500216221030s9999 xx 000 0 und d a9788131806975 aEnglish a105.23 aS. K. Garg 0aWorkshop Technology - Manufacturing Processcby S. K. Garg bUniversities Science PressaNew Delhic2009 a542 aMechanical